El Cabildo Catedral de León (Record no. 186964)

MARC details
000 -LEADER
campo de control de longitud fija 01196nam a2200289 i 4500
001 - NÚMERO DE CONTROL
campo de control 186964
003 - IDENTIFICADOR DE NÚMERO DE CONTROL
campo de control SpMaBN
005 - FECHA Y HORA DE LA ÚLTIMA TRANSACCIÓN
campo de control 20230906222802.0
008 - DATOS DE LONGITUD FIJA--INFORMACIÓN GENERAL
campo de control de longitud fija 170309s1974 sp |||| | spa d
080 ## - NÚMERO DE LA CLASIFICACIÓN DECIMAL UNIVERSAL
Número de la Clasificación Decimal Universal 348.324.2(460.181 L.)"11/18"
100 1# - ENTRADA PRINCIPAL--NOMBRE DE PERSONA
Nombre de persona Villacorta Rodríguez, Tomás.
9 (RLIN) 162038
245 13 - MENCIÓN DEL TÍTULO
Título El Cabildo Catedral de León
Resto del título : [estudio histórico-jurídico, siglos XII-XIX] /
Mención de responsabilidad, etc. Tomás Villacorta Rodríguez.
260 ## - PUBLICACIÓN, DISTRIBUCIÓN, ETC.
Lugar de publicación, distribución, etc. León :
Nombre del editor, distribuidor, etc. Centro de Estudios e Investigación "San Isidoro",
Fecha de publicación, distribución, etc. 1974.
300 ## - DESCRIPCIÓN FÍSICA
Extensión 17- 687 p. ;
Dimensiones 25 cm.
490 1# - MENCIÓN DE SERIE
Mención de serie Fuentes y estudios de historia leonesa ;
Designación de volumen o secuencia 12
500 ## - NOTA GENERAL
Nota general Índices.
504 ## - NOTA DE BIBLIOGRAFÍA, ETC.
Nota de bibliografía, etc. Bibliografía: p. 19-32.
594 ## - Nota al título y mención de responsabilidad
Nota al título y mención de responsabilidad Descripción tomada del Catálogo de la BNE.
597 ## - NOTA DE DESCRIPCIÓN FÍSICA
NOTA DE DESCRIPCIÓN FÍSICA Ejemplar falto de las primeras 16 p.
598 ## - NOTA LOCAL
Nota local Col. patrocinada y dir. por Archivo Histórico Diocesano de León.
610 24 - PUNTO DE ACCESO ADICIONAL DE MATERIA--NOMBRE DE ENTIDAD CORPORATIVA
Nombre de entidad corporativa o nombre de jurisdicción como elemento de entrada Catedral de León.
Unidad subordinada Cabildo.
9 (RLIN) 155688
710 2# - ENTRADA AGREGADA--NOMBRE DE ENTIDAD CORPORATIVA
Nombre de entidad corporativa o nombre de jurisdicción como elemento de entrada Centro de Estudios e Investigación "San Isidoro"
9 (RLIN) 134242
710 2# - ENTRADA AGREGADA--NOMBRE DE ENTIDAD CORPORATIVA
Nombre de entidad corporativa o nombre de jurisdicción como elemento de entrada Archivo Histórico Diocesano de León.
9 (RLIN) 144237
830 1# - PUNTO DE ACCESO ADICIONAL DE SERIE-TÍTULO UNIFORME
Título uniforme Fuentes y estudios de historia leonesa ;
Designación de volumen o secuencia 12
9 (RLIN) 192719
852 ## - LOCALIZACIÓN
Ubicación ES-MaACL
Número de control de estantería L-31208
Nota libre - Enc. guaflex
Holdings
Estatus retirado Estado de pérdida Estado de daño No para préstamo Biblioteca de origen Biblioteca actual Ubicación en estantería Fecha de adquisición Fuente de adquisición Total de préstamos Signatura topográfica completa Código de barras Visto por última vez Precio de reemplazo Tipo de ítem Koha
        Biblioteca del Ateneo de Madrid Biblioteca del Ateneo de Madrid Depósito 2 09/03/2017     L-31208 1197222 23/02/2023 23/02/2023 Libro impreso